| 000 | 00651nam a2200145 i 4500 | ||
|---|---|---|---|
| 001 | 150908 | ||
| 003 | ES-MaACL | ||
| 007 | t| | ||
| 008 | 071119s1890 po ||||1| fre d | ||
| 245 | 0 | 0 |
_aRecensement général de la population du Royaume de Portugal et des Iles Adjacentes (Açores et Madére) _b: année 1890 / _cMinistére des Travaux Publics, du Commerce et de l'Industrie, Direction Générale du Commerce et de l'Industrie. |
| 260 |
_aLisbonne : _b[s.n.], _c1890 ( _fImprimerie Nationale) |
||
| 300 |
_a22 p., [2] h. pleg. ; _c23 cm. |
||
| 710 | 1 |
_aPortugal. _bDirecção Geral do Comércio e Industria. _96243 |
|
| 852 |
_aES-MaACL _jT-554-F-5 |
||
| 999 |
_c150908 _d150908 |
||